Jane Cameron o La vida en las prisiones de mujeres de Inglaterra / (Record no. 84439)

MARC details
000 -LEADER
campo de control de longitud fija 00621nam a2200181 i 4500
001 - NÚMERO DE CONTROL
campo de control 84439
003 - IDENTIFICADOR DE NÚMERO DE CONTROL
campo de control ES-MaACL
005 - FECHA Y HORA DE LA ÚLTIMA TRANSACCIÓN
campo de control 20250807205142.0
007 - CAMPO FIJO DE DESCRIPCIÓN FÍSICA--INFORMACIÓN GENERAL
campo de control de longitud fija t|
008 - DATOS DE LONGITUD FIJA--INFORMACIÓN GENERAL
campo de control de longitud fija 041122s1906 sp ||||1| spa d
245 00 - MENCIÓN DEL TÍTULO
Título Jane Cameron o La vida en las prisiones de mujeres de Inglaterra /
Mención de responsabilidad, etc. por una matrona ; traducción de Rafael Salillas.
260 ## - PUBLICACIÓN, DISTRIBUCIÓN, ETC.
Lugar de publicación, distribución, etc. Madrid :
Nombre del editor, distribuidor, etc. Eduardo Arias,
Fecha de publicación, distribución, etc. 1906.
650 #7 - PUNTO DE ACCESO ADICIONAL DE MATERIA--TÉRMINO DE MATERIA
Término de materia o nombre geográfico como elemento de entrada Establecimientos penitenciarios de mujeres
Fuente del encabezamiento o término embne
9 (RLIN) 166995
700 1# - ENTRADA AGREGADA--NOMBRE PERSONAL
Nombre de persona Salillas, Rafael.
9 (RLIN) 101925
740 32 - ENTRADA AGREGADA--TÍTULO RELACIONADO/ANALÍTICO NO CONTROLADO
Título relacionado o analítico no controlado La vida en las prisiones de mujeres de Inglaterra.
852 4# - LOCALIZACIÓN
Ubicación ES-MaACL
Número de control de estantería D-283
Holdings
Estatus retirado Estado de pérdida Estado de daño No para préstamo Biblioteca de origen Biblioteca actual Ubicación en estantería Fecha de adquisición Fuente de adquisición Total de préstamos Signatura topográfica completa Código de barras Visto por última vez Precio de reemplazo Tipo de ítem Koha
        Biblioteca del Ateneo de Madrid Biblioteca del Ateneo de Madrid Sala Valle Inclán 17/01/2008     D-283 901088242 23/02/2023 23/02/2023 Libro impreso